[Event "-chT Youth Countries 2019"]
[Site "Wuerzburg"]
[Date "2019.10.04"]
[Round "4.4"]
[White "Franke, Luca"]
[Black "Riegel, Arinna"]
[Result "1/2-1/2"]
[WhiteElo "1872"]
[BlackElo "1894"]
[Annotator "NA"]
[PlyCount "57"]
[EventDate "2019.10.02"]
[EventType "team-tourn"]
[EventRounds "7"]
[EventCountry "GER"]
[SourceTitle "playchess.com"]
[Source "ChessBase"]
[SourceQuality "1"]
[WhiteTeam "Team Süd"]
[BlackTeam "Baden 1"]
[TimeControl "40/5400+30:1800+30"]

1. d4 {[%emt 0:00:00]} d5 {[%emt 0:00:00]} 2. c4 {[%emt 0:00:00]} e6 {[%emt 0:00:00]} 3. Nf3 {[%emt 0:00:00]} Nf6 {[%emt 0:00:00]} 4. g3 {[%emt 0:00:00]} Be7 {[%emt 0:01:06]} 5. Bg2 {[%emt 0:00:03]} O-O {[%emt 0:00:25]} 6. O-O {[%emt 0:00:07]} b6 {[%emt 0:03:32]} 7. cxd5 {[%emt 0:00:30]} exd5 {[%emt 0:00:36]} 8. Qc2 {[%emt 0:00:48]} Bb7 {[%emt 0:05:02]} 9. Bf4 {[%emt 0:02:29]} Bd6 {[%emt 0:02:55]} 10. Be5 {[%emt 0:01:45]} h6 {[%emt 0:04:03]} 11. Nc3 {[%emt 0:02:04]} c6 {[%emt 0:06:46]} 12. Rfd1 {[%emt 0:02:30]} Qe7 {[%emt 0:04:20]} 13. Bxd6 {[%emt 0:03:55]} Qxd6 14. e4 {[%emt 0:00:15]} dxe4 {[%emt 0:02:13]} 15. Nxe4 {[%emt 0:00:31]} Nxe4 {[%emt 0:01:32]} 16. Qxe4 {[%emt 0:00:08]} Nd7 {[%emt 0:01:40]} 17. Ne5 {[%emt 0:01:06]} Rfe8 {[%emt 0:04:03]} 18. f4 {[%emt 0:00:36]} f6 {[%emt 0:31:40]} 19. Qg6 {[%emt 0:00:17]} Qe6 {[%emt 0:08:13]} 20. Nxd7 {[%emt 0:11:55]} Qxd7 {[%emt 0:00:37]} 21. Be4 {[%emt 0:00:11]} Kf8 {[%emt 0:10:24]} 22. Qh7 {[%emt 0:06:50]} Qe6 {[%emt 0:01:25]} 23. Re1 {[%emt 0:00:32]} Qg8 {[%emt 0:01:00]} 24. Qxg8+ {[%emt 0:03:30]} Kxg8 {[%emt 0:00:03]} 25. Bg6 {[%emt 0:00:13]} Rxe1+ {[%emt 0:02:27]} 26. Rxe1 {[%emt 0:00:02]} Kf8 {[%emt 0:00:02]} 27. Re6 {[%emt 0:00:33]} Rd8 {[%emt 0:01:43]} 28. Kf2 {[%emt 0:00:12]} c5 {[%emt 0:04:20]} 29. dxc5 {[%emt 0:00:07] normal} 1/2-1/2

[Event "-chT Youth Countries 2019"]
[Site "Wuerzburg"]
[Date "2019.10.04"]
[Round "4.5"]
[White "Farokhi, Keyvan"]
[Black "Haack, Kevin"]
[Result "1-0"]
[WhiteElo "2018"]
[BlackElo "2044"]
[Annotator "NA"]
[PlyCount "81"]
[EventDate "2019.10.02"]
[EventType "team-tourn"]
[EventRounds "7"]
[EventCountry "GER"]
[SourceTitle "playchess.com"]
[Source "ChessBase"]
[SourceQuality "1"]
[WhiteTeam "Schleswig-Holstein"]
[BlackTeam "Hessen"]
[TimeControl "40/5400+30:1800+30"]

1. e4 {[%emt 0:00:00]} c5 {[%emt 0:00:00]} 2. Nf3 {[%emt 0:00:00]} d6 {[%emt 0:00:00]} 3. d4 {[%emt 0:00:00]} cxd4 {[%emt 0:00:00]} 4. Nxd4 {[%emt 0:00:00]} Nf6 {[%emt 0:00:00]} 5. Nc3 {[%emt 0:00:00]} a6 {[%emt 0:00:00]} 6. Be3 {[%emt 0:00:39]} e6 {[%emt 0:00:03]} 7. f3 {[%emt 0:00:05]} b5 {[%emt 0:00:18]} 8. Qd2 {[%emt 0:00:05]} Nbd7 {[%emt 0:00:07]} 9. g4 {[%emt 0:00:08]} b4 {[%emt 0:00:06]} 10. Nce2 {[%emt 0:00:04]} h6 {[%emt 0:00:06]} 11. O-O-O {[%emt 0:00:05]} Qc7 {[%emt 0:00:54]} 12. h4 {[%emt 0:00:08]} d5 {[%emt 0:02:03]} 13. Bf4 {[%emt 0:00:08]} e5 {[%emt 0:09:16]} 14. Bh2 {[%emt 0:00:05]} g6 {[%emt 0:10:19]} 15. g5 {[%emt 0:18:33]} hxg5 {[%emt 0:01:58]} 16. hxg5 {[%emt 0:00:07]} Rxh2 {[%emt 0:07:21]} 17. Rxh2 {[%emt 0:00:01]} exd4 {[%emt 0:00:08]} 18. Rh8 {[%emt 0:00:13]} Nh5 {[%emt 0:01:13]} 19. Qxd4 {[%emt 0:01:49]} Bb7 {[%emt 0:02:21]} 20. exd5 {[%emt 0:01:01]} O-O-O {[%emt 0:01:36]} 21. Bh3 {[%emt 0:04:14]} Bd6 {[%emt 0:05:02]} 22. Rxd8+ {[%emt 0:01:52]} Qxd8 {[%emt 0:00:36]} 23. f4 {[%emt 0:04:39]} Kb8 {[%emt 0:02:04]} 24. Kb1 {[%emt 0:04:58]} Qe7 {[%emt 0:07:28]} 25. Bg4 {[%emt 0:06:26]} f6 {[%emt 0:31:17]} 26. Bxh5 {[%emt 0:28:45]} gxh5 {[%emt 0:00:13]} 27. Ng3 {[%emt 0:00:33]} Qf7 {[%emt 0:03:03]} 28. Nf5 {[%emt 0:01:45]} Bc5 {[%emt 0:00:32]} 29. Qe4 {[%emt 0:00:44]} Nb6 {[%emt 0:02:59]} 30. Qe6 {[%emt 0:17:10]} Bxd5 {[%emt 0:00:56]} 31. Qxf7 {[%emt 0:00:06]} Bxf7 {[%emt 0:00:04]} 32. Nh6 {[%emt 0:00:37]} Bd5 {[%emt 0:04:28]} 33. g6 {[%emt 0:01:08]} Bf8 {[%emt 0:05:10]} 34. Nf5 {[%emt 0:00:14]} h4 {[%emt 0:00:44]} 35. Nxh4 {[%emt 0:02:26]} Kc7 {[%emt 0:02:05]} 36. Nf5 {[%emt 0:00:46]} Bg8 {[%emt 0:01:48]} 37. g7 {[%emt 0:01:16]} Bc5 {[%emt 0:01:13]} 38. Nh6 {[%emt 0:00:15]} Bh7 {[%emt 0:00:17]} 39. g8=Q {[%emt 0:00:33]} Bxg8 {[%emt 0:00:04]} 40. Nxg8 {[%emt 0:00:07]} Nd7 {[%emt 0:00:57]} 41. Nh6 {[%emt 0:33:24] normal} 1-0

[Event "-chT Youth Countries 2019"]
[Site "Wuerzburg"]
[Date "2019.10.04"]
[Round "4.5"]
[White "Nguyen, Ha Thanh"]
[Black "Fuhrmann, Bahne"]
[Result "1-0"]
[WhiteElo "1998"]
[BlackElo "1623"]
[Annotator "NA"]
[PlyCount "61"]
[EventDate "2019.10.02"]
[EventType "team-tourn"]
[EventRounds "7"]
[EventCountry "GER"]
[SourceTitle "playchess.com"]
[Source "ChessBase"]
[SourceQuality "1"]
[WhiteTeam "Thüringen"]
[BlackTeam "Hamburg/Schleswig-Holstein"]
[TimeControl "40/5400+30:1800+30"]

1. e4 {[%emt 0:00:00]} e5 {[%emt 0:00:00]} 2. Nf3 {[%emt 0:00:00]} Nc6 {[%emt 0:00:00]} 3. Bc4 {[%emt 0:00:00]} Bc5 {[%emt 0:00:00]} 4. c3 {[%emt 0:00:00]} Nf6 {[%emt 0:00:00]} 5. d3 {[%emt 0:00:00]} O-O {[%emt 0:00:00]} 6. O-O {[%emt 0:00:05]} d5 {[%emt 0:00:07]} 7. exd5 {[%emt 0:00:08]} Nxd5 {[%emt 0:00:06]} 8. Nbd2 {[%emt 0:00:54]} Nb6 {[%emt 0:01:21]} 9. Bb5 {[%emt 0:01:41]} Bd6 {[%emt 0:01:20]} 10. Ne4 {[%emt 0:01:53]} Bg4 {[%emt 0:03:03]} 11. h3 {[%emt 0:02:48]} Bxf3 {[%emt 0:09:56]} 12. Qxf3 {[%emt 0:00:25]} f5 {[%emt 0:00:06]} 13. Ng5 {[%emt 0:16:42]} Qe8 {[%emt 0:01:28]} 14. Qd1 {[%emt 0:05:36]} h6 {[%emt 0:01:25]} 15. Nf3 {[%emt 0:02:33]} e4 {[%emt 0:02:30]} 16. Re1 {[%emt 0:03:34]} a6 {[%emt 0:29:21]} 17. Bxc6 {[%emt 0:10:36]} Qxc6 {[%emt 0:00:18]} 18. Nd4 {[%emt 0:01:26]} Qd5 {[%emt 0:00:54]} 19. dxe4 {[%emt 0:01:10]} fxe4 {[%emt 0:01:32]} 20. Qg4 {[%emt 0:00:53]} Kh8 {[%emt 0:14:57]} 21. Rxe4 {[%emt 0:03:15]} Nc4 {[%emt 0:05:13]} 22. Ne6 {[%emt 0:03:30]} Rf7 {[%emt 0:00:43]} 23. Rd4 {[%emt 0:01:42]} Qe5 {[%emt 0:04:06]} 24. Bf4 {[%emt 0:03:57]} Qb5 {[%emt 0:00:29]} 25. Qg6 {[%emt 0:06:18]} Re7 {[%emt 0:12:56]} 26. Bxh6 {[%emt 0:03:57]} Be5 {[%emt 0:06:26]} 27. Rh4 {[%emt 0:09:27]} Kg8 {[%emt 0:01:12]} 28. Bxg7 {[%emt 0:06:17]} Bxg7 {[%emt 0:01:48]} 29. Qh7+ {[%emt 0:01:14]} Kf7 {[%emt 0:00:06]} 30. Nxg7 {[%emt 0:00:16]} Qe5 {[%emt 0:01:58]} 31. Nf5+ {[%emt 0:00:48] normal} 1-0

[Event "-chT Youth Countries 2019"]
[Site "Wuerzburg"]
[Date "2019.10.04"]
[Round "4.5"]
[White "Hetzner, Hannes"]
[Black "Reitz, Theresa"]
[Result "1-0"]
[WhiteElo "1996"]
[BlackElo "1935"]
[Annotator "NA"]
[PlyCount "48"]
[EventDate "2019.10.02"]
[EventType "team-tourn"]
[EventRounds "7"]
[EventCountry "GER"]
[SourceTitle "playchess.com"]
[Source "ChessBase"]
[SourceQuality "1"]
[WhiteTeam "Bayern 1"]
[BlackTeam "Rheinland-Pfalz"]
[TimeControl "40/5400+30:1800+30"]

1. d4 {[%emt 0:00:00]} Nf6 {[%emt 0:00:00]} 2. c4 {[%emt 0:00:00]} g6 {[%emt 0:00:00]} 3. Nf3 {[%emt 0:00:00]} Bg7 {[%emt 0:00:05]} 4. e3 {[%emt 0:00:00]} O-O {[%emt 0:00:48]} 5. Be2 {[%emt 0:00:06]} d5 {[%emt 0:04:02]} 6. cxd5 {[%emt 0:00:11]} Nxd5 {[%emt 0:00:11]} 7. e4 {[%emt 0:00:17]} Nb4 {[%emt 0:02:06]} 8. O-O {[%emt 0:09:54]} c5 {[%emt 0:10:39]} 9. d5 {[%emt 0:05:38]} f5 {[%emt 0:04:03]} 10. Bc4 {[%emt 0:21:47]} b5 {[%emt 0:30:50]} 11. Bxb5 {[%emt 0:01:15]} fxe4 12. Ng5 {[%emt 0:03:16]} Rf5 {[%emt 0:25:19]} 13. Nc3 {[%emt 0:06:30]} e6 {[%emt 0:12:00]} 14. dxe6 {[%emt 0:11:47]} Qe7 {[%emt 0:00:13]} 15. Qa4 {[%emt 0:07:59]} h6 {[%emt 0:01:47]} 16. Ngxe4 {[%emt 0:01:10]} Bxe6 {[%emt 0:00:35]} 17. Be3 {[%emt 0:02:01]} Nd7 {[%emt 0:01:35]} 18. Nxc5 {[%emt 0:04:15]} Nxc5 {[%emt 0:00:40]} 19. Qxb4 {[%emt 0:00:08]} Qf8 {[%emt 0:01:22]} 20. Bc4 {[%emt 0:02:28]} Bxc4 21. Qxc4+ {[%emt 0:00:06]} Kh8 {[%emt 0:00:44]} 22. Bd4 {[%emt 0:02:41]} Rd8 {[%emt 0:01:01]} 23. Rad1 {[%emt 0:02:32]} Rc8 {[%emt 0:01:23]} 24. Bxg7+ {[%emt 0:04:08]} Kxg7 {[%emt 0:00:17] normal} 1-0

[Event "-chT Youth Countries 2019"]
[Site "Wuerzburg"]
[Date "2019.10.04"]
[Round "4.5"]
[White "Moenster, Madita"]
[Black "Muedder, Melanie"]
[Result "1/2-1/2"]
[WhiteElo "1916"]
[BlackElo "1964"]
[Annotator "NA"]
[PlyCount "83"]
[EventDate "2019.10.02"]
[EventType "team-tourn"]
[EventRounds "7"]
[EventCountry "GER"]
[SourceTitle "playchess.com"]
[Source "ChessBase"]
[SourceQuality "1"]
[WhiteTeam "Niedersachsen"]
[BlackTeam "Nordrhein-Westfalen"]
[TimeControl "40/5400+30:1800+30"]

1. e4 {[%emt 0:00:00]} c5 {[%emt 0:00:00]} 2. Nf3 {[%emt 0:00:00]} Nc6 {[%emt 0:00:00]} 3. d4 {[%emt 0:00:00]} cxd4 {[%emt 0:00:00]} 4. Nxd4 {[%emt 0:00:00]} e5 {[%emt 0:00:00]} 5. Nb5 {[%emt 0:00:00]} d6 {[%emt 0:00:05]} 6. N1c3 {[%emt 0:00:06]} a6 {[%emt 0:00:12]} 7. Na3 {[%emt 0:00:10]} Be6 {[%emt 0:00:10]} 8. Nc4 {[%emt 0:00:18]} b5 {[%emt 0:00:16]} 9. Ne3 {[%emt 0:00:22]} Nf6 {[%emt 0:00:32]} 10. g3 {[%emt 0:00:50]} g6 {[%emt 0:01:26]} 11. Bg2 {[%emt 0:01:06]} Bg7 {[%emt 0:00:59]} 12. O-O {[%emt 0:01:19]} O-O {[%emt 0:01:55]} 13. Ncd5 {[%emt 0:06:19]} Rc8 {[%emt 0:15:38]} 14. a4 {[%emt 0:09:23]} b4 {[%emt 0:08:22]} 15. Qd3 {[%emt 0:11:28]} Bxd5 {[%emt 0:23:45]} 16. exd5 {[%emt 0:10:01]} Nd4 {[%emt 0:00:26]} 17. Bd2 {[%emt 0:02:32]} a5 {[%emt 0:08:06]} 18. Rab1 {[%emt 0:13:44]} Nd7 {[%emt 0:05:50]} 19. Be1 {[%emt 0:11:21]} Nc5 {[%emt 0:10:42]} 20. Qd1 {[%emt 0:01:23]} Rb8 {[%emt 0:08:20]} 21. c3 {[%emt 0:03:20]} bxc3 {[%emt 0:00:27]} 22. Bxc3 {[%emt 0:02:52]} Ndb3 {[%emt 0:03:15]} 23. Nc4 {[%emt 0:03:46]} Qc7 {[%emt 0:02:52]} 24. Nd2 {[%emt 0:05:19]} Nxd2 {[%emt 0:02:15]} 25. Qxd2 {[%emt 0:01:55]} Nb3 {[%emt 0:00:33]} 26. Qd1 {[%emt 0:01:35]} Qc4 {[%emt 0:00:52]} 27. Re1 {[%emt 0:02:46]} Qxa4 {[%emt 0:02:08]} 28. Be4 {[%emt 0:00:48]} Qd7 {[%emt 0:00:58]} 29. Bc2 {[%emt 0:01:23]} a4 {[%emt 0:00:43]} 30. Bxb3 {[%emt 0:06:24]} axb3 {[%emt 0:01:14]} 31. Ra1 {[%emt 0:00:15]} f5 {[%emt 0:00:51]} 32. Ra3 {[%emt 0:03:07]} Qb5 {[%emt 0:01:04]} 33. Ra5 {[%emt 0:01:05]} Qc4 {[%emt 0:00:27]} 34. Qf3 {[%emt 0:01:06]} e4 {[%emt 0:01:34]} 35. Qe3 {[%emt 0:00:18]} Bxc3 {[%emt 0:00:20]} 36. Rc1 {[%emt 0:00:57]} Qd4 {[%emt 0:01:05]} 37. Qxc3 {[%emt 0:00:26]} Qxc3 {[%emt 0:00:22]} 38. Rxc3 {[%emt 0:00:05]} Rfc8 {[%emt 0:00:33]} 39. Rxc8+ {[%emt 0:01:04]} Rxc8 {[%emt 0:00:05]} 40. Rb5 {[%emt 0:00:10]} Rc5 {[%emt 0:01:01]} 41. Rxb3 {[%emt 0:01:14]} Rxd5 {[%emt 0:00:51]} 42. Kf1 {[%emt 0:01:33] normal} 1/2-1/2

[Event "-chT Youth Countries 2019"]
[Site "Wuerzburg"]
[Date "2019.10.04"]
[Round "4.5"]
[White "Stockmann, Till"]
[Black "Arnhold, Steffi"]
[Result "1/2-1/2"]
[WhiteElo "1884"]
[BlackElo "2042"]
[Annotator "NA"]
[PlyCount "85"]
[EventDate "2019.10.02"]
[EventType "team-tourn"]
[EventRounds "7"]
[EventCountry "GER"]
[SourceTitle "playchess.com"]
[Source "ChessBase"]
[SourceQuality "1"]
[WhiteTeam "Sachsen-Anhalt"]
[BlackTeam "Sachsen"]
[TimeControl "40/5400+30:1800+30"]

1. e4 {[%emt 0:00:00]} c5 {[%emt 0:00:00]} 2. Nf3 {[%emt 0:00:00]} Nc6 {[%emt 0:00:00]} 3. d4 {[%emt 0:00:00]} cxd4 {[%emt 0:00:00]} 4. Nxd4 {[%emt 0:00:00]} g6 {[%emt 0:00:09]} 5. c4 {[%emt 0:00:33]} Nf6 {[%emt 0:00:19]} 6. Nc3 {[%emt 0:01:07]} d6 {[%emt 0:00:51]} 7. Be2 {[%emt 0:01:59]} Nxd4 {[%emt 0:00:30]} 8. Qxd4 {[%emt 0:00:08]} Bg7 {[%emt 0:00:13]} 9. Be3 {[%emt 0:03:05]} O-O {[%emt 0:00:27]} 10. Qd2 {[%emt 0:00:55]} Be6 {[%emt 0:01:44]} 11. O-O {[%emt 0:02:37]} Qa5 {[%emt 0:03:34]} 12. Rac1 {[%emt 0:04:34]} Rfc8 {[%emt 0:01:34]} 13. b3 {[%emt 0:01:42]} a6 {[%emt 0:07:40]} 14. a3 {[%emt 0:12:29]} Qd8 {[%emt 0:17:58]} 15. f3 {[%emt 0:03:01]} Rab8 {[%emt 0:10:02]} 16. a4 {[%emt 0:05:51]} Qa5 {[%emt 0:12:15]} 17. Rc2 {[%emt 0:05:47]} Nd7 {[%emt 0:04:13]} 18. Rb1 {[%emt 0:01:41]} b5 {[%emt 0:09:06]} 19. axb5 {[%emt 0:14:32]} Bxc3 {[%emt 0:05:34]} 20. Rxc3 {[%emt 0:00:47]} axb5 {[%emt 0:01:18]} 21. b4 {[%emt 0:01:57]} Qc7 {[%emt 0:04:22]} 22. c5 {[%emt 0:03:31]} dxc5 {[%emt 0:02:28]} 23. bxc5 {[%emt 0:00:16]} b4 {[%emt 0:00:36]} 24. Rcc1 {[%emt 0:00:29]} b3 {[%emt 0:01:13]} 25. Bf4 {[%emt 0:05:08]} Ne5 {[%emt 0:02:31]} 26. Qc3 {[%emt 0:00:43]} f6 {[%emt 0:00:06]} 27. Bg3 {[%emt 0:01:26]} Bf7 {[%emt 0:03:39]} 28. Bd1 {[%emt 0:02:08]} Rb5 {[%emt 0:01:34]} 29. Bf2 {[%emt 0:04:44]} b2 {[%emt 0:05:11]} 30. Rc2 {[%emt 0:00:26]} Rb3 {[%emt 0:00:15]} 31. Qd2 {[%emt 0:02:48]} Rd8 {[%emt 0:00:45]} 32. Qe2 {[%emt 0:00:55]} Nd3 {[%emt 0:00:51]} 33. Rd2 {[%emt 0:00:35]} Rc3 {[%emt 0:00:22]} 34. Rbxb2 {[%emt 0:03:05]} Nxb2 {[%emt 0:00:14]} 35. Rxb2 {[%emt 0:00:07]} Rc1 {[%emt 0:01:15]} 36. Rd2 {[%emt 0:00:16]} Bb3 {[%emt 0:00:10]} 37. Bd4 {[%emt 0:01:01]} Rxd1+ {[%emt 0:00:36]} 38. Rxd1 {[%emt 0:00:18]} Bxd1 {[%emt 0:00:06]} 39. Qxd1 {[%emt 0:00:25]} Kg7 {[%emt 0:00:39]} 40. Qa4 {[%emt 0:01:35]} Qd7 {[%emt 0:04:23]} 41. Qxd7 {[%emt 0:30:55]} Rxd7 {[%emt 0:30:04]} 42. Be3 {[%emt 0:00:52] normal} Kf7 {[%emt 0:01:19]} 43. Kf2 {[%emt 0:01:54] normal} 1/2-1/2

[Event "-chT Youth Countries 2019"]
[Site "Wuerzburg"]
[Date "2019.10.04"]
[Round "4.5"]
[White "Zhou, Lepu Coco"]
[Black "Khamenya, Vitalia"]
[Result "1-0"]
[WhiteElo "1739"]
[BlackElo "1908"]
[Annotator "NA"]
[PlyCount "110"]
[EventDate "2019.10.02"]
[EventType "team-tourn"]
[EventRounds "7"]
[EventCountry "GER"]
[SourceTitle "playchess.com"]
[Source "ChessBase"]
[SourceQuality "1"]
[WhiteTeam "Berlin"]
[BlackTeam "Bayern 2"]
[TimeControl "40/5400+30:1800+30"]

1. e4 {[%emt 0:00:00]} e5 {[%emt 0:00:00]} 2. Nf3 {[%emt 0:00:00]} Nc6 {[%emt 0:00:00]} 3. Bb5 {[%emt 0:00:00]} a6 {[%emt 0:00:00]} 4. Ba4 {[%emt 0:00:00]} Nf6 {[%emt 0:00:04]} 5. O-O {[%emt 0:00:14]} b5 {[%emt 0:00:04]} 6. Bb3 {[%emt 0:00:07]} Bc5 {[%emt 0:00:05]} 7. c3 {[%emt 0:01:22]} d6 {[%emt 0:00:31]} 8. d4 {[%emt 0:01:06]} Bb6 {[%emt 0:00:13]} 9. h3 {[%emt 0:01:07]} h6 {[%emt 0:00:38]} 10. dxe5 {[%emt 0:02:22]} Nxe5 {[%emt 0:00:40]} 11. Nxe5 {[%emt 0:00:13]} dxe5 {[%emt 0:00:07]} 12. Qxd8+ {[%emt 0:00:09]} Kxd8 {[%emt 0:00:01]} 13. Bxf7 {[%emt 0:01:14]} Rf8 {[%emt 0:00:04]} 14. Bg6 {[%emt 0:00:32]} Bb7 {[%emt 0:01:53]} 15. Re1 {[%emt 0:04:10]} Nd7 {[%emt 0:09:06]} 16. Be3 {[%emt 0:00:41]} Nc5 {[%emt 0:03:19]} 17. Bf5 {[%emt 0:04:03]} Ke7 {[%emt 0:13:51]} 18. b4 {[%emt 0:04:37]} Nd3 {[%emt 0:05:32]} 19. Rd1 {[%emt 0:02:47]} Bxe3 {[%emt 0:00:47]} 20. fxe3 {[%emt 0:05:38]} Rad8 {[%emt 0:00:36]} 21. Rd2 {[%emt 0:03:45]} c5 {[%emt 0:01:49]} 22. a4 {[%emt 0:04:04]} bxa4 {[%emt 0:18:36]} 23. Rxa4 {[%emt 0:00:25]} cxb4 {[%emt 0:00:31]} 24. cxb4 {[%emt 0:00:29]} Rf6 {[%emt 0:00:35]} 25. Rc2 {[%emt 0:02:33]} Rb6 {[%emt 0:02:22]} 26. Rc7+ {[%emt 0:02:10]} Kf6 {[%emt 0:02:12]} 27. Nd2 {[%emt 0:03:55]} Nb2 {[%emt 0:07:25]} 28. Nc4 {[%emt 0:01:21]} Nxc4 {[%emt 0:00:16]} 29. Rxc4 {[%emt 0:00:10]} Bc6 {[%emt 0:00:29]} 30. Ra5 {[%emt 0:00:54]} Bb5 {[%emt 0:00:59]} 31. Rc7 {[%emt 0:01:45]} g6 {[%emt 0:07:03]} 32. Bc8 {[%emt 0:02:07]} Bd3 {[%emt 0:11:44]} 33. Bb7 {[%emt 0:01:46]} Rb8 {[%emt 0:06:39]} 34. Bd5 {[%emt 0:01:23]} Rxb4 {[%emt 0:03:05]} 35. Rf7+ {[%emt 0:00:17]} Kg5 {[%emt 0:00:52]} 36. Bc4 {[%emt 0:08:06]} Bxe4 {[%emt 0:02:59]} 37. Rxe5+ {[%emt 0:00:09]} Bf5 {[%emt 0:00:09]} 38. Bxa6 {[%emt 0:00:12]} Re4 {[%emt 0:00:58]} 39. Rxe4 {[%emt 0:00:24]} Bxe4 {[%emt 0:00:00]} 40. h4+ {[%emt 0:00:06]} Kh5 {[%emt 0:02:30]} 41. Be2+ {[%emt 0:30:09]} Kxh4 {[%emt 0:30:04]} 42. Rf4+ {[%emt 0:00:12]} Kg5 {[%emt 0:00:31]} 43. Rxe4 {[%emt 0:00:10]} h5 {[%emt 0:00:17]} 44. Rf4 {[%emt 0:00:17]} Rb2 {[%emt 0:00:25]} 45. Kf2 {[%emt 0:00:54]} Rc2 {[%emt 0:00:38]} 46. Kf3 {[%emt 0:01:02]} h4 {[%emt 0:01:02]} 47. Rg4+ {[%emt 0:00:45]} Kh5 {[%emt 0:00:23]} 48. Rxg6 {[%emt 0:03:27]} Rxe2 {[%emt 0:00:00]} 49. Kxe2 {[%emt 0:00:00]} Kxg6 {[%emt 0:00:00]} 50. Kf3 {[%emt 0:00:00]} Kf5 {[%emt 0:00:00]} 51. e4+ {[%emt 0:00:00]} Ke5 {[%emt 0:00:00]} 52. Kg4 {[%emt 0:00:00]} Kxe4 {[%emt 0:00:00]} 53. Kxh4 {[%emt 0:00:00]} Kf5 {[%emt 0:00:00]} 54. Kh5 {[%emt 0:00:00]} Kf6 {[%emt 0:00:00]} 55. g4 {[%emt 0:00:00]} Ke6 {normal} 1-0

[Event "-chT Youth Countries 2019"]
[Site "Wuerzburg"]
[Date "2019.10.04"]
[Round "4.5"]
[White "Hänselmann, Hendrik"]
[Black "Lederer, Leia"]
[Result "1-0"]
[WhiteElo "1732"]
[BlackElo "1750"]
[Annotator "NA"]
[PlyCount "67"]
[EventDate "2019.10.02"]
[EventType "team-tourn"]
[EventRounds "7"]
[EventCountry "GER"]
[SourceTitle "playchess.com"]
[Source "ChessBase"]
[SourceQuality "1"]
[WhiteTeam "Baden 1"]
[BlackTeam "Team Süd"]
[TimeControl "40/5400+30:1800+30"]

1. e4 {[%emt 0:00:00]} c5 {[%emt 0:00:43]} 2. Nf3 {[%emt 0:00:00]} Nc6 {[%emt 0:00:06]} 3. d4 {[%emt 0:00:00]} cxd4 {[%emt 0:00:03]} 4. Nxd4 {[%emt 0:00:00]} Nf6 {[%emt 0:00:07]} 5. Nc3 {[%emt 0:00:00]} e5 {[%emt 0:00:11]} 6. Ndb5 {[%emt 0:00:04]} d6 {[%emt 0:00:12]} 7. Bg5 {[%emt 0:00:10]} a6 {[%emt 0:00:37]} 8. Na3 {[%emt 0:00:12]} b5 {[%emt 0:00:07]} 9. Nd5 {[%emt 0:00:11]} Be7 {[%emt 0:00:05]} 10. Bxf6 {[%emt 0:00:06]} Bxf6 {[%emt 0:00:06]} 11. c4 {[%emt 0:00:30]} b4 {[%emt 0:00:23]} 12. Nc2 {[%emt 0:00:10]} a5 {[%emt 0:00:35]} 13. Be2 {[%emt 0:00:29]} Bg5 {[%emt 0:03:54]} 14. O-O {[%emt 0:00:21]} O-O {[%emt 0:03:49]} 15. Qd3 {[%emt 0:03:28]} Be6 {[%emt 0:01:31]} 16. Rfd1 {[%emt 0:02:57]} Qb8 {[%emt 0:02:11]} 17. Bf3 {[%emt 0:08:35]} Qb7 {[%emt 0:03:34]} 18. b3 {[%emt 0:06:58]} Rad8 {[%emt 0:06:03]} 19. a3 {[%emt 0:17:37]} bxa3 {[%emt 0:15:01]} 20. Rxa3 {[%emt 0:03:54]} Rd7 {[%emt 0:14:10]} 21. Rda1 {[%emt 0:04:30]} Rb8 {[%emt 0:10:40]} 22. Nce3 {[%emt 0:12:00]} Nd4 {[%emt 0:09:43]} 23. Nf5 {[%emt 0:01:23]} Nxf3+ {[%emt 0:07:11]} 24. Qxf3 {[%emt 0:01:07]} Bxd5 {[%emt 0:00:22]} 25. exd5 {[%emt 0:02:48]} Bd2 {[%emt 0:04:29]} 26. Ng3 {[%emt 0:06:54]} Qb6 {[%emt 0:05:53]} 27. Ne4 {[%emt 0:03:58]} Bb4 {[%emt 0:01:33]} 28. Ra4 {[%emt 0:02:57]} Re7 {[%emt 0:02:32]} 29. Qf5 {[%emt 0:04:57]} h6 {[%emt 0:02:24]} 30. Rd1 {[%emt 0:04:16]} Rbe8 {[%emt 0:02:14]} 31. Rd3 {[%emt 0:01:19]} Rf8 {[%emt 0:01:05]} 32. Rg3 {[%emt 0:00:33]} Qd4 {[%emt 0:00:24]} 33. Nf6+ {[%emt 0:00:09]} Kh8 {[%emt 0:00:10]} 34. Qh7# {[%emt 0:00:05] normal} 1-0